| 000 | 00987cam a22003251 4500 | ||
|---|---|---|---|
| 001 | 17044956 | ||
| 003 | OSt | ||
| 005 | 20250321130443.0 | ||
| 008 | 111114s1962 nyu 000 0 eng | ||
| 010 | _atmp96028865 | ||
| 040 |
_aDLC _cDLC _dDLC |
||
| 050 | 0 | 0 |
_aB132.V3 _bB2 1962b |
| 100 | 0 |
_aThibaut, George _eTranslator |
|
| 245 | 1 | 4 |
_aThe Vedānta sutras of Bādarāyaṇa / _cwith the commentary by Śaṅkara ; translated by George Thibaut. |
| 250 | _aNew Dover ed. | ||
| 260 |
_aNew York : _bDover, _cc1962 |
||
| 300 |
_aix,448p; _c22 cm. _bIll |
||
| 490 | 1 |
_aSacred Books of the East _v34, 38 |
|
| 650 | 0 | _aVedanta. | |
| 650 | 0 | _aBrahmanism. | |
| 650 | 0 | _aBhakti. | |
| 700 | 1 |
_aThibaut, G. _q(George), _d1848-1914. |
|
| 700 | 0 | _aŚaṅkarācārya. | |
| 700 | 0 | _aRãmãnuja. | |
| 830 | 0 |
_aSacred Books of the East ; _v34, 38 |
|
| 906 |
_a0 _bcbc _cpremunv _d3 _encip _f19 _gy-gencatlg |
||
| 942 |
_2lcc _cBK _n0 |
||
| 999 |
_c5043 _d5043 |
||